00681nam a2200241Ia 4500008004100000020001800041050001400059100001500073245002000088245004200108245001800150250001700168260001500185260001600200260000900216300001400225300002700239300001000266300003000276500000900306999001900315952010500334170918s9999 xx 000 0 und d a9780545330190 bG795 2012 aGreen, Dan 4aThe elements :  bthe building blocks of the universe / cby Dan Green. a1st edition. aNew York : bScholastic, c2012 aunpaged : bcolored illustration ; c28cm. eScholastic discover more. a1040 c343127d343127 001040aSSISMbSSISMd2017-09-18l0oLEX G795 2012pSSISM2199r2017-09-18 00:00:00w2017-09-18yLEX